Property derivatives market overview (Record no. 119232)

MARC details
000 -LEADER
fixed length control field 00748cas a22002175a 4500
001 - CONTROL NUMBER
control field E147851
008 - FIXED-LENGTH DATA ELEMENTS--GENERAL INFORMATION
fixed length control field 090624c2007 xxkmr w 0 a0eng u
035 ## - SYSTEM CONTROL NUMBER
System control number (Sirsi) u147851
041 0# - LANGUAGE CODE
Language code of text/sound track or separate title eng
050 ## - LIBRARY OF CONGRESS CALL NUMBER
Classification number 333.33 $2 18
110 2# - MAIN ENTRY--CORPORATE NAME
Corporate name or jurisdiction name as entry element DTZ
245 00 - TITLE STATEMENT
Title Property derivatives market overview
Medium [electronic resource]
260 ## - PUBLICATION, DISTRIBUTION, ETC.
Place of publication, distribution, etc. London
Name of publisher, distributor, etc. DTZ
Date of publication, distribution, etc. 2007-
362 0# - DATES OF PUBLICATION AND/OR SEQUENTIAL DESIGNATION
Dates of publication and/or sequential designation May 2007-
554 ## -
-- 12 per year
651 #4 - SUBJECT ADDED ENTRY--GEOGRAPHIC NAME
Geographic name Europe
690 ## - LOCAL SUBJECT ADDED ENTRY--TOPICAL TERM (OCLC, RLIN)
Topical term or geographic name as entry element PROPERTY-COMMERCIAL PROPERTY-COMMERCIAL PROPERTY MARKET
710 2# - ADDED ENTRY--CORPORATE NAME
Corporate name or jurisdiction name as entry element Tullet Prebon
9 (RLIN) 5758
856 40 - ELECTRONIC LOCATION AND ACCESS
Uniform Resource Identifier <a href="https://www.dtz.com/portal/site/Global/menuitem.0960403ababe49739d37a210da80cb3c/?vgnextoid=f9b66e7b0d1f9010VgnVCM1000000e01a8c0RCRD">https://www.dtz.com/portal/site/Global/menuitem.0960403ababe49739d37a210da80cb3c/?vgnextoid=f9b66e7b0d1f9010VgnVCM1000000e01a8c0RCRD</a>
Public note View the newsletter free of charge at www.dtz.com...
942 ## - ADDED ENTRY ELEMENTS (KOHA)
Suppress in OPAC 0
Holdings
Withdrawn status Lost status Source of classification or shelving scheme Damaged status Not for loan Home library Current library Shelving location Date acquired Total Checkouts Full call number Barcode Date last seen Price effective from Koha item type
    Dewey Decimal Classification     Virtual Virtual Online 24/06/2009   ONLINE PUBLICATION 147851-2001 06/08/2019 06/08/2019 Journal